| 000 | 00773nam a2200229 i 4500 | ||
|---|---|---|---|
| 001 | 122414 | ||
| 003 | ES-MaACL | ||
| 005 | 20230906191955.0 | ||
| 007 | t| | ||
| 008 | 070214s1921 it a |||| | ita d | ||
| 100 | 1 |
_aPucci, Angiolo. _994109 |
|
| 245 | 1 | 3 |
_aIl libro del giardiniere / _cAngiolo Pucci. |
| 250 | _a3ª ed. | ||
| 260 |
_aMilano : _bU. Hoepli, _c1921. |
||
| 300 |
_a2 v. : _bil. ; _c15 cm. |
||
| 505 | 8 |
_aContiene: I ; _tIl giardino e la cultura dei fiori - II ; _tLa coltivazione delle piante ornamentali da giardino |
|
| 650 | 4 |
_aPlantas ornamentales. _9161117 |
|
| 650 | 0 | 4 |
_aJardinería. _9136318 |
| 740 | 3 | 2 | _aIl giardino e la cultura dei fiori. |
| 740 | 3 | 2 | _aLa coltivazione delle piante ornamentali da giardino. |
| 852 |
_aES-MaACL _jF-4546-47 |
||
| 999 |
_c122414 _d122414 |
||